000 00420nam a2200145Ia 4500
008 090124s9999 xx 000 0 und d
082 _b205033
245 _a कथा -कुंज 34कहानियां
250 _a1
260 _c1999
300 _a247
630 _a कथा -कुंज 34कहानियां
730 _a कथा -कुंज 34कहानियां
942 _cBOOK
999 _c186614
_d186614